Регионална библиотека "Любен Каравелов" - Русе

Шок (Запис номер 98111)

MARC детайли
000 -Лидер
Контролно поле с фиксирана дължина 01049nam a2200289 c 4500
003 - Код на организацията, давaща контролен номер
Контролно поле BLK
005 - Дата и час на последна редакция
Контролно поле 20180422105149.0
008 - Елементи от данни с фиксирана дължина
fixed length control field 180409b bul|||||r ||||||| ||bul||
010 ## - Наследен системен номер
LC control number KNG00103046000
020 ## - Международен стандартен номер на книга ISBN
Международен стандартен номер на книга ISBN 954-8028-61-1
-- издат.: Сибия
040 ## - Източник на каталожния запис
Идентификатор на билиотеката - собственик на записа BLK
041 ## - Код за език
Код за езика на текст/звукозапис или на отделно заглавие Български
Код за езика КДБФ Български
080 ## - УДК
Текстов определител УДК Българска литература
УДК код - определител по УДК 821.163.2
УДК определител -1
УДК - код + определител 821.163.2-1
100 1# - Редна дума - Автор
Автор Георгиев, Велин Йосифов
Авторска отговорност първи автор
R(LIN) 367001
139 ## - Редно поле
Редна дума Георгиев, Велин Йосифов
Авторски знак Георгиев - Г 37
245 10 - Сведения за заглавието
Заглавие Шок
Подзаглавни данни Безпризорните стихотворения на един скитник
Редно поле (дума) Велин Йосифов Георгиев.
257 ## - Страна на издаване
Страна на създаване/издаване България
260 ## - Област на издателските данни
-- София
Име на издателя, разпространителя и проч. Сибия
Година на издаване 2002
Печатница София : Родина
300 ## - Физическа характеристика
Страници 64 с.
Размери/Мащаб 20 см
380 ## - Жанр
Жанр Худож. лит.
490 1# - СЕРИИ (Колекции)
Име на серия Библиотека Български поети
852 ## - Местоположение
Форматна сигнатура Цб 212553
856 4# - Електронен адрес и достъп
Електронен формат pdf - файл
Път до файла /url/
856 4# - Електронен адрес и достъп
Електронен формат pdf - файл
Път до файла /url/
942 ## - АРТИКУЛИ
Вид на библиотечния материал Книги
Скрит в OPAC Не
944 ## - СЪЗДАВАНЕ И РЕДАКЦИЯ на ЗАПИСА
Създаване/Редакция Създаване
Дата на регистрацията/редакция 01.01.2002
Служител, извършил регистрацията/редакцията Геновева_Генчева
944 ## - СЪЗДАВАНЕ И РЕДАКЦИЯ на ЗАПИСА
Създаване/Редакция Редакция
Дата на регистрацията/редакция 20.01.2005
Служител, извършил регистрацията/редакцията
999 ## - СИСТЕМНИ КОНТРОЛНИ НОМЕРА
Koha biblionumber 98111
Koha biblioitemnumber 98111
Наличности
Код за отписване Код за изгубен артикул Код за повреда Коз за рестрикции Код за отдаване Артикулен № Име на библиотеката - собственик Име на библиотеката, в която се намира в момента Статус (Текущо местоположение) Дата на вписване в системата Местоположение - отдел Цена в лева Инвентарен номер Систематично азбучна сигнатура Баркод Номер на екземпляра Цена в евро Служебна бележка Служебен тип на артикула
  Не е изгубен Не е повреден без рестрикции ползва се в читалня 157911 Регионална библиотека "Любен Каравелов" Русе Регионална библиотека "Любен Каравелов" Русе Хранилище 2002-09-11 Хранилище 0.01 120000672078 Цб 212553 120000672078 1 0.01 Дост: Dp Вид: Д N: 8 Дата: 12.02.2002 Книги
Vip Innovations Ltd, Rousse, Bulgaria 2025